000 01071nam a22002537a 4500
005 20170123164153.0
010 _aB-210091
020 _c200.00
_a8178561352
035 _aB-210091
037 _aCen Lib / Ret
040 _aDPL
_bPN
082 _a260.2
_bਬ੍ਰਹਮ
100 _aਬ੍ਰਹਮ ਜਗਦੀਸ਼ ਸਿੰਘ
_94285
245 _aਸੁਖਮਨੀ ਸਾਹਿਬ /
_cਬ੍ਰਹਮ ਜਗਦੀਸ਼ ਸਿੰਘ
_bਪਾਠ ਅਤੇ ਵਿਵੇਚਨ
246 _aSukhmani sahib : paath ate vivechan /
_bBrahm Jagdish Singh
260 _aਅੰਮ੍ਰਿਤਸਰ
_bਵਾਰਿਸ ਸ਼ਾਹ ਫਾਊਡੋਸ਼ਨ
_c2005
270 _a42, ਗੁਰੂ ਤੇਗ਼ ਬੇਹਾਦੁਰ ਨਗਰ
_bਅੰਮ੍ਰਿਤਸਰ
300 _a192p.
_c22cm(Hb)
650 _aਪੰਜਾਬੀ ਸਾਹਿਤ
_y
_9129357
650 _aਸਿਖ -- ਧਰ੍ਮ
_93671
650 _aLiterature -- punjabi
_9129358
650 _aPunjabi -- religion
_99921
942 _2ddc
_cPN
_h260.2
_mਬ੍ਰਹਮ
999 _c110521
_d110521